Normal view
MARC view
- الجنايات-فقه اسلامي-القصاص- فقه اسلامي
Entry Topical Term
001 - CONTROL NUMBER
- control field: 47141
003 - CONTROL NUMBER IDENTIFIER
- control field: JO-AjAnu
005 - DATE AND TIME OF LATEST TRANSACTION
- control field: 20230606081802.0
008 - FIXED-LENGTH DATA ELEMENTS
- fixed length control field: 230606|| aca||aabn | a|a d
040 ## - CATALOGING SOURCE
- Original cataloging agency: JO-AjAnu
- Transcribing agency: JO-AjAnu
150 ## - HEADING--TOPICAL TERM
- Topical term or geographic name entry element: الجنايات-فقه اسلامي-القصاص- فقه اسلامي
670 ## - SOURCE DATA FOUND
- Source citation: Work cat.: (JO-AjAnu)24125: الحصري، أحمد, author 47140, القصاص- الديات- العصيان المسلح في الفقه الإسلامي